000 00509nam a22001697a 4500
003 BD-ChCU
005 20260125102329.0
008 260125b bg ||||| |||| 00| 0 ben d
040 _cBD-ChCU
082 _a355.43 STR
100 _aStrate-gic Survey
_919604
245 _aStrate - gic Survey 1980 -81./
_cSurvey Strategic .
260 _aLondon :
_bInternational Institute for strategic studies ,
_cC 1981
300 _a138p
650 0 _aStrategic . International Relations.
_919607
942 _2ddc
_cBK
_n0
999 _c111236
_d111236